|
|
|
|
| LEADER |
00000naa a2200000 i 4500 |
| 001 |
publ910 |
| 005 |
20180125124353.0 |
| 008 |
180125s2017 hu o 000 zxx d |
| 040 |
|
|
|a BGE Publikációtár Repozitórium
|b hun
|
| 100 |
1 |
|
|a Moldicz Csaba
|
| 245 |
1 |
4 |
|a The Hungarian Economic Policy after 2010 – The Quest for the Holy Grail
|c Moldicz Csaba
|h [elektronikus dokumentum]
|
| 260 |
|
|
|a Budapest Business School
|c 2017
|
| 300 |
|
|
|a 15-38
|
| 490 |
0 |
|
|a Go Hungary - Go Indonesia: Understanding Economic and Business Issues
|
| 650 |
|
4 |
|a közgazdaságtudományok
|
| 695 |
|
|
|a Magyarország
|
| 695 |
|
|
|a Gazdaságpolitika
|
| 856 |
4 |
0 |
|u https://publikaciotar.uni-bge.hu/id/eprint/910/1/moldicz2.pdf
|z Dokumentum-elérés
|